[Event "Lausanne FIDE GP (Women)"]
[Site "Lausanne"]
[Date "2020.03.11"]
[Round "9"]
[White "Cramling, Pia"]
[Black "Kosteniuk, Alexandra"]
[Result "0-1"]
[WhiteElo "2470"]
[BlackElo "2504"]
[PlyCount "182"]
[EventDate "2020.03.02"]
[EventType "tourn"]
[EventRounds "11"]
[EventCountry "SUI"]
[EventCategory "11"]
[SourceTitle "CBM 195"]
[Source "ChessBase"]
[SourceDate "2020.04.30"]
[SourceVersion "1"]
[SourceVersionDate "2020.04.30"]
[SourceQuality "1"]

1. d4 Nf6 2. Nf3 d5 3. c4 e6 4. g3 dxc4 5. Bg2 a6 6. Ne5 Bb4+ 7. Nc3 Nd5 8. Bd2
O-O 9. Nxc4 Nc6 10. e3 Be7 11. O-O Bd7 12. Qe2 Be8 13. Rfd1 f5 14. Rac1 Rc8 15.
Be1 Bf6 16. Nxd5 exd5 17. Na5 Nxa5 18. Bxa5 Qd7 19. Bb4 Rf7 20. Rc3 Qe6 21. Qc2
c6 22. a4 Bd8 23. f3 Bd7 24. e4 fxe4 25. fxe4 dxe4 26. Bxe4 Qh6 27. Rf3 Rxf3
28. Bxf3 Qe3+ 29. Qf2 Qxf2+ 30. Kxf2 Bf6 31. Bc5 Be6 32. b4 Bb3 33. Ra1 Rd8 34.
Ra3 Bc4 35. Ke3 Bg5+ 36. Kf2 Rd7 37. Rc3 Be6 38. h4 Bf6 39. Ke3 g5 40. hxg5
Bxg5+ 41. Kf2 Kg7 42. Bd1 Bf6 43. Ke3 Kg6 44. Bb3 Bg4 45. Bc2+ Kh5 46. Be4 Bg5+
47. Kf2 Bd8 48. a5 Bg5 49. Kg2 Bf6 50. Rd3 Be6 51. Kf3 Kg5 52. Rd2 Bd5 53. Re2
Bb3 54. Rd2 Bd8 55. Rh2 h5 56. Ke3 Bc7 57. Bf3 Rh7 58. Be4 Rh8 59. Kf2 Re8 60.
Bf3 Bf7 61. Rh1 Bb8 62. d5 cxd5 63. Rd1 Be5 64. Bxd5 Bxd5 65. Rxd5 Kg4 66. Kg2
Bc3 67. Rd3 Re2+ 68. Kf1 Rc2 69. Bd6 Bd2 70. Rb3 Bc3 71. b5 Bxa5 72. bxa6 bxa6
73. Ra3 Rc6 74. Ra4+ Kf3 75. Bf4 Bc3 76. Ra3 Ke4 77. Ke2 a5 78. Ra2 h4 79. Kf1
Bb4 80. Kg2 Rc3 81. Re2+ Kd3 82. Rd2+ Kc4 83. gxh4 Kb3 84. Re2 a4 85. h5 a3 86.
Be5 Rc6 87. Kf3 a2 88. Rb2+ Ka3 89. Rh2 Rc5 90. Bb2+ Kb3 91. Kg4 Rc2 0-1

[Event "Lausanne FIDE GP (Women)"]
[Site "Lausanne"]
[Date "2020.03.12"]
[Round "10"]
[White "Kosteniuk, Alexandra"]
[Black "Sebag, Marie"]
[Result "1/2-1/2"]
[WhiteElo "2504"]
[BlackElo "2443"]
[PlyCount "107"]
[EventDate "2020.03.02"]
[EventType "tourn"]
[EventRounds "11"]
[EventCountry "SUI"]
[EventCategory "11"]
[SourceTitle "CBM 195"]
[Source "ChessBase"]
[SourceDate "2020.04.30"]
[SourceVersion "1"]
[SourceVersionDate "2020.04.30"]
[SourceQuality "1"]

1. e4 c5 2. Nf3 d6 3. Bb5+ Nd7 4. Ba4 Ngf6 5. O-O a6 6. c4 g6 7. Nc3 Bg7 8. h3
O-O 9. d3 b6 10. Rb1 e6 11. Re1 Bb7 12. b4 Qc7 13. Bd2 Rfd8 14. Qc1 Rac8 15.
bxc5 bxc5 16. Bc2 Nb8 17. Bg5 Re8 18. Ne2 Nfd7 19. Bh6 Bh8 20. Bf4 Nc6 21. Bxd6
Qxd6 22. Rxb7 Rb8 23. Rb3 Rxb3 24. axb3 Nde5 25. Nxe5 Bxe5 26. f4 Bd4+ 27. Kh1
Nb4 28. e5 Qd7 29. Bb1 Kg7 30. Rf1 a5 31. Qd1 Ra8 32. Ng3 h5 33. Ne4 a4 34.
bxa4 Rxa4 35. Nd6 Ra1 36. Qe2 Qc6 37. Kh2 Qa8 38. Rd1 Na2 39. Qe1 Nc3 40. Rc1
Qa3 41. Qh4 Qxc1 42. Qf6+ Kh7 43. Qxf7+ Kh8 44. Qf8+ Kh7 45. Qe7+ Kg8 46. Qxe6+
Kg7 47. Qd7+ Kg8 48. Qd8+ Kh7 49. Qd7+ Kg8 50. Qf7+ Kh8 51. Qf6+ Kh7 52. Qe7+
Kg8 53. Qd8+ Kh7 54. Qd7+ 1/2-1/2

[Event "Lausanne FIDE GP (Women)"]
[Site "Lausanne"]
[Date "2020.03.13"]
[Round "11"]
[White "Ju, Wenjun"]
[Black "Kosteniuk, Alexandra"]
[Result "1/2-1/2"]
[WhiteElo "2583"]
[BlackElo "2504"]
[PlyCount "61"]
[EventDate "2020.03.02"]
[EventType "tourn"]
[EventRounds "11"]
[EventCountry "SUI"]
[EventCategory "11"]
[SourceTitle "CBM 195"]
[Source "ChessBase"]
[SourceDate "2020.04.30"]
[SourceVersion "1"]
[SourceVersionDate "2020.04.30"]
[SourceQuality "1"]

1. d4 Nf6 2. c4 e6 3. g3 c5 4. Nf3 cxd4 5. Nxd4 d5 6. Bg2 e5 7. Nf3 d4 8. O-O
Nc6 9. e3 Be7 10. exd4 exd4 11. Bf4 O-O 12. Ne5 Qb6 13. Qb3 Na5 14. Qxb6 axb6
15. Nd2 Be6 16. a3 Rac8 17. b4 Nc6 18. Rfe1 Rfd8 19. Bf3 Nd7 20. h4 Ndxe5 21.
Bxe5 Nxe5 22. Rxe5 Bf6 23. Rb5 d3 24. Rd1 Bd4 25. Bxb7 Bxc4 26. Nxc4 Rxc4 27.
Rd5 Rxd5 28. Bxd5 Rc3 29. Be4 Rxa3 30. Rxd3 Rxd3 31. Bxd3 1/2-1/2

[Event "Titled Tuesday intern op 28th Apr"]
[Site "Chess.com INT"]
[Date "2020.04.28"]
[Round "1"]
[White "Kosteniuk, Alexandra"]
[Black "Hristodoulou, Panagiotis"]
[Result "1-0"]
[WhiteElo "2735"]
[BlackElo "2388"]
[PlyCount "121"]
[EventDate "2020.04.28"]
[EventType "swiss (blitz)"]
[EventRounds "10"]
[EventCountry "USA"]
[SourceTitle "EXT 2021"]
[Source "ChessBase"]
[SourceDate "2020.10.23"]
[SourceVersion "1"]
[SourceVersionDate "2020.10.23"]
[SourceQuality "1"]

1. e4 Nf6 2. e5 Nd5 3. d4 d6 4. Nf3 dxe5 5. Nxe5 c6 6. Bc4 Nd7 7. Nf3 g6 8. O-O
Bg7 9. Bb3 O-O 10. c4 N5f6 11. Nc3 Re8 12. Re1 Qc7 13. Qe2 Nf8 14. h3 Bf5 15.
Ne5 N6d7 16. Ng4 Bxg4 17. Qxg4 e5 18. d5 Nc5 19. Bc2 f5 20. Qh4 e4 21. Bf4 Qf7
22. Rad1 Rad8 23. Qg3 h6 24. h4 Kh7 25. b4 Na6 26. a3 c5 27. b5 Nb8 28. Nxe4
fxe4 29. Bxe4 Kh8 30. Bc7 Rc8 31. Bd6 Nbd7 32. Bc2 Rxe1+ 33. Rxe1 Re8 34. Rxe8
Qxe8 35. Qf4 Qe1+ 36. Kh2 Be5 37. Bxe5+ Qxe5 38. Qxe5+ Nxe5 39. Bb3 Kg7 40. f4
Nd3 41. Kg3 g5 42. hxg5 hxg5 43. fxg5 Nd7 44. Kg4 Kg6 45. Bc2 N7e5+ 46. Kh4 b6
47. a4 Kg7 48. Kg3 Nb2 49. Kf4 Nexc4 50. Bb3 Nd6 51. Ke5 Nbc4+ 52. Ke6 Kg6 53.
Kd7 Kxg5 54. Kc7 Kf5 55. Kb8 Ke5 56. Kxa7 Kxd5 57. a5 bxa5 58. b6 Nc8+ 59. Ka6
N8xb6 60. Kb5 a4 61. Ba2 1-0

[Event "Titled Tuesday intern op 28th Apr"]
[Site "Chess.com INT"]
[Date "2020.04.28"]
[Round "5"]
[White "Olsen, Filip Boe"]
[Black "Kosteniuk, Alexandra"]
[Result "0-1"]
[WhiteElo "2353"]
[BlackElo "2471"]
[PlyCount "106"]
[EventDate "2020.04.28"]
[EventType "swiss (blitz)"]
[EventRounds "10"]
[EventCountry "USA"]
[SourceTitle "CBM 195 Extra"]
[Source "ChessBase"]
[SourceDate "2020.05.31"]
[SourceVersion "1"]
[SourceVersionDate "2020.05.31"]
[SourceQuality "1"]

1. d4 Nf6 2. c4 e6 3. Nc3 Bb4 4. e3 b6 5. Nge2 Bb7 6. a3 Be7 7. Ng3 d6 8. e4
Nbd7 9. Bd3 e5 10. d5 a5 11. Nf5 Bf8 12. g4 g6 13. Ng3 Nc5 14. Bc2 h5 15. g5 h4
16. Nge2 Nh5 17. Be3 Be7 18. Qd2 Ba6 19. Nb5 O-O 20. O-O-O Qd7 21. a4 Bxb5 22.
cxb5 Qg4 23. Bxc5 dxc5 24. Rdg1 Qf3 25. Qe3 Qxe3+ 26. fxe3 Kh7 27. Bd1 f6 28.
gxf6 Nxf6 29. Nc3 Rf7 30. Rg2 Rg8 31. Rhg1 Rfg7 32. h3 g5 33. d6 cxd6 34. Bb3
Rf8 35. Rxg5 Rxg5 36. Rxg5 Nxe4 37. Nxe4 Bxg5 38. Nxg5+ Kg6 39. Ne4 Rf3 40. Be6
Rxe3 41. Nxd6 Re1+ 42. Kd2 Rh1 43. Nc4 Kf6 44. Bc8 e4 45. Nxb6 Ke5 46. Nc4+ Kd4
47. b6 Rh2+ 48. Ke1 Kxc4 49. b7 Rxb2 50. Kd1 Kd4 51. Ke1 Ke3 52. Kd1 Kf2 53.
Bd7 Rxb7 0-1

[Event "Isolated Queens Internet op 2nd"]
[Site "Chess.com INT"]
[Date "2020.05.02"]
[Round "1"]
[White "Goodkind, Lauren"]
[Black "Kosteniuk, Alexandra"]
[Result "0-1"]
[WhiteElo "1782"]
[BlackElo "2471"]
[PlyCount "102"]
[EventDate "2020.05.02"]
[EventType "swiss"]
[EventRounds "10"]
[EventCountry "USA"]
[SourceTitle "CBM 195 Extra"]
[Source "ChessBase"]
[SourceDate "2020.05.31"]
[SourceVersion "1"]
[SourceVersionDate "2020.05.31"]
[SourceQuality "1"]

1. e4 c5 2. Nf3 Nc6 3. c3 d5 4. exd5 Qxd5 5. d4 Nf6 6. Be2 cxd4 7. Nxd4 Nxd4 8.
cxd4 e6 9. O-O Be7 10. Nc3 Qd8 11. Bg5 O-O 12. Qd2 Bd7 13. Rad1 Bc6 14. Qe3 Nd5
15. Bxe7 Nxe3 16. Bxd8 Nxd1 17. Rxd1 Rfxd8 18. f3 Rd7 19. Kf2 Rad8 20. Ke3 Kf8
21. a3 f6 22. Na2 e5 23. Nb4 exd4+ 24. Kd2 a5 25. Nd3 b6 26. Rc1 Bd5 27. Nf4
Bf7 28. Bd3 g6 29. g3 Rd6 30. h4 Re8 31. Rc7 Re7 32. Rc8+ Kg7 33. Ne2 f5 34.
Rc1 Bd5 35. f4 Be4 36. Rc8 Bxd3 37. Kxd3 Re3+ 38. Kd2 Rb3 39. Kc1 Rf3 40. Kd2
d3 41. Nc3 Rd7 42. Rc6 Rxg3 43. Rxb6 Rg2+ 44. Kd1 d2 45. Re6 Rg1+ 46. Kc2 d1=Q+
47. Nxd1 Rgxd1 48. Re3 R1d4 49. Kc3 Rxf4 50. Rh3 Re4 51. Kc2 f4 0-1

[Event "Isolated Queens Internet op 2nd"]
[Site "Chess.com INT"]
[Date "2020.05.02"]
[Round "2"]
[White "Kosteniuk, Alexandra"]
[Black "Kazarian, Anna Maja"]
[Result "1-0"]
[WhiteElo "2471"]
[BlackElo "2096"]
[PlyCount "101"]
[EventDate "2020.05.02"]
[EventType "swiss"]
[EventRounds "10"]
[EventCountry "USA"]
[SourceTitle "CBM 195 Extra"]
[Source "ChessBase"]
[SourceDate "2020.05.31"]
[SourceVersion "1"]
[SourceVersionDate "2020.05.31"]
[SourceQuality "1"]

1. e4 c6 2. c4 d5 3. exd5 cxd5 4. cxd5 Nf6 5. Nc3 Nxd5 6. Bb5+ Nc6 7. Nf3 Nxc3
8. bxc3 Qb6 9. Qa4 a6 10. Bxc6+ Qxc6 11. Qxc6+ bxc6 12. Ba3 e6 13. Bxf8 Kxf8
14. Ne5 c5 15. Rb1 Ke7 16. Ke2 Kf6 17. Nd3 c4 18. Nc5 a5 19. Rb6 Rd8 20. Rhb1
Bd7 21. Ne4+ Kg6 22. Nd6 Ba4 23. R1b2 Ra7 24. Nxc4 Rc7 25. Nxa5 Rc5 26. Nb3
Re5+ 27. Kd1 Bb5 28. Nd4 Bd3 29. R2b4 Rh5 30. Nf3 Ra5 31. a4 h6 32. Kc1 Kh7 33.
Rb7 Kg6 34. Kb2 Rda8 35. Rd7 Bf5 36. d4 Rxa4 37. Ne5+ Kh7 38. Rxa4 Rxa4 39.
Rxf7 Ra8 40. f3 Rb8+ 41. Ka3 Bc2 42. c4 Rb3+ 43. Ka2 Rb4 44. Rc7 Rb1 45. c5 Rd1
46. Rd7 Rd2 47. Ka3 Rxg2 48. c6 Bf5 49. c7 Rc2 50. Kb4 Bg6 51. Nc4 1-0

[Event "Isolated Queens Internet op 2nd"]
[Site "Chess.com INT"]
[Date "2020.05.02"]
[Round "3"]
[White "Krush, Irina"]
[Black "Kosteniuk, Alexandra"]
[Result "0-1"]
[WhiteElo "2429"]
[BlackElo "2471"]
[PlyCount "88"]
[EventDate "2020.05.02"]
[EventType "swiss"]
[EventRounds "10"]
[EventCountry "USA"]
[SourceTitle "CBM 195 Extra"]
[Source "ChessBase"]
[SourceDate "2020.05.31"]
[SourceVersion "1"]
[SourceVersionDate "2020.05.31"]
[SourceQuality "1"]

1. d4 Nf6 2. c4 e6 3. Nc3 Bb4 4. Qc2 d6 5. e3 O-O 6. Bd3 e5 7. Nge2 Nc6 8. O-O
Re8 9. d5 Bxc3 10. Qxc3 e4 11. dxc6 exd3 12. Qxd3 bxc6 13. b3 Ne4 14. Bb2 Qg5
15. Nf4 Bf5 16. Qd4 f6 17. Rae1 h5 18. f3 Nc5 19. Qd2 h4 20. Kh1 a5 21. e4 Bd7
22. Bc1 a4 23. b4 Ne6 24. Nxe6 Qxd2 25. Bxd2 Bxe6 26. Rc1 a3 27. Rc3 h3 28.
gxh3 Ra4 29. Rb1 Rb8 30. Rc2 c5 31. Kg1 cxb4 32. Kf2 c5 33. h4 Ra7 34. Bf4 Ra6
35. Ke3 b3 36. axb3 a2 37. Ra1 Rxb3+ 38. Kf2 Rba3 39. Bc1 R3a4 40. Bf4 Bxc4 41.
Rd2 Rb6 42. Bxd6 Rb1 43. Rd1 Rxd1 44. Rxd1 a1=Q 0-1

[Event "Isolated Queens Internet op 2nd"]
[Site "Chess.com INT"]
[Date "2020.05.02"]
[Round "4"]
[White "Kosteniuk, Alexandra"]
[Black "Paehtz, Elisabeth"]
[Result "1-0"]
[WhiteElo "2471"]
[BlackElo "2473"]
[PlyCount "115"]
[EventDate "2020.05.02"]
[EventType "swiss"]
[EventRounds "10"]
[EventCountry "USA"]
[SourceTitle "CBM 195 Extra"]
[Source "ChessBase"]
[SourceDate "2020.05.31"]
[SourceVersion "1"]
[SourceVersionDate "2020.05.31"]
[SourceQuality "1"]

1. Nf3 Nf6 2. g3 g6 3. Bg2 Bg7 4. d4 O-O 5. O-O d6 6. c4 Nc6 7. Nc3 a6 8. h3
Rb8 9. e4 b5 10. b3 e5 11. dxe5 Nd7 12. cxb5 Ncxe5 13. Nd4 axb5 14. f4 c5 15.
Ndxb5 Ba6 16. Nxd6 Bxf1 17. Qxf1 Nc6 18. e5 Nd4 19. Bb2 Qa5 20. Nc4 Qa7 21. Nd5
f6 22. Bxd4 cxd4 23. Ne7+ Kh8 24. Nc6 Qc5 25. Nxb8 Nxb8 26. exf6 Bxf6 27. Rd1
Nc6 28. Kh2 Nb4 29. Qf2 Nd5 30. Re1 Nc3 31. Re6 Bg7 32. Qe1 d3 33. Re8 Ne2 34.
Rxf8+ Bxf8 35. Bf3 Nd4 36. Be4 Bg7 37. Qd1 Ne2 38. Qf1 Qd4 39. Bf3 Nc3 40. Qe1
h5 41. a4 Kh7 42. Qe3 Qxe3 43. Nxe3 Bd4 44. Nc4 Ne2 45. Kg2 Bc3 46. a5 h4 47.
a6 Bd4 48. Ne5 hxg3 49. Nxd3 Nc3 50. Ne5 Nb5 51. Nc6 Bc5 52. Kxg3 Kh6 53. Be4
Kg7 54. b4 Bb6 55. h4 Kf6 56. Ne5 Nd4 57. Nd7+ Ke7 58. Nxb6 1-0

[Event "Isolated Queens Internet op 2nd"]
[Site "Chess.com INT"]
[Date "2020.05.02"]
[Round "5"]
[White "Abrahamyan, Tatev"]
[Black "Kosteniuk, Alexandra"]
[Result "1-0"]
[WhiteElo "2358"]
[BlackElo "2471"]
[PlyCount "85"]
[EventDate "2020.05.02"]
[EventType "swiss"]
[EventRounds "10"]
[EventCountry "USA"]
[SourceTitle "CBM 195 Extra"]
[Source "ChessBase"]
[SourceDate "2020.05.31"]
[SourceVersion "1"]
[SourceVersionDate "2020.05.31"]
[SourceQuality "1"]

1. e4 c6 2. d4 d5 3. Nc3 dxe4 4. Nxe4 Nf6 5. Nxf6+ exf6 6. c3 Bd6 7. Bd3 O-O 8.
Qc2 Re8+ 9. Ne2 h5 10. Be3 Nd7 11. O-O-O Nf8 12. c4 Be6 13. Nc3 Rc8 14. Kb1 Ng6
15. Rhe1 b5 16. cxb5 cxb5 17. Bxb5 Re7 18. Qa4 Rec7 19. Ne4 f5 20. d5 fxe4 21.
dxe6 Qe7 22. Bd7 Rb8 23. Qxe4 Be5 24. Bd4 Bxd4 25. Rxd4 Kh7 26. Qf5 Rc5 27.
Qxf7 Qg5 28. e7 Re5 29. Rxe5 Qxe5 30. Qd5 Qe1+ 31. Rd1 Qe2 32. b3 Nxe7 33. Qd3+
Qxd3+ 34. Rxd3 Kh6 35. f3 Ng6 36. Rd6 Kg5 37. Rd5+ Kh6 38. Bf5 Nf4 39. Rd6+ Kg5
40. Be4 Ne2 41. g3 h4 42. Rg6+ Kh5 43. g4# 1-0

[Event "Isolated Queens Internet op 2nd"]
[Site "Chess.com INT"]
[Date "2020.05.02"]
[Round "6"]
[White "Kosteniuk, Alexandra"]
[Black "Sihite, Chelsie Monica"]
[Result "1-0"]
[WhiteElo "2471"]
[BlackElo "2252"]
[PlyCount "59"]
[EventDate "2020.05.02"]
[EventType "swiss"]
[EventRounds "10"]
[EventCountry "USA"]
[SourceTitle "CBM 195 Extra"]
[Source "ChessBase"]
[SourceDate "2020.05.31"]
[SourceVersion "1"]
[SourceVersionDate "2020.05.31"]
[SourceQuality "1"]

1. Nf3 Nf6 2. g3 e6 3. Bg2 d5 4. O-O Be7 5. b3 O-O 6. Bb2 c5 7. c4 d4 8. e3 Nc6
9. d3 e5 10. a3 dxe3 11. fxe3 e4 12. dxe4 Nxe4 13. Nbd2 Ng5 14. Qc2 Be6 15.
Rad1 Qc8 16. Nxg5 Bxg5 17. Qc3 Bh6 18. Ne4 b6 19. Nd6 Qc7 20. Nb5 Qc8 21. Rd6
Ne7 22. Bxa8 Qxa8 23. Nc7 Qe4 24. Rf4 Qb1+ 25. Kg2 Nf5 26. Nxe6 fxe6 27. Rxe6
Nxe3+ 28. Rxe3 Rd8 29. Rf1 Qg6 30. Ref3 1-0

[Event "Isolated Queens Internet op 2nd"]
[Site "Chess.com INT"]
[Date "2020.05.02"]
[Round "7"]
[White "Kosteniuk, Alexandra"]
[Black "Vinokur, Yuliya"]
[Result "1/2-1/2"]
[WhiteElo "2471"]
[BlackElo "2022"]
[PlyCount "114"]
[EventDate "2020.05.02"]
[EventType "swiss"]
[EventRounds "10"]
[EventCountry "USA"]
[SourceTitle "CBM 195 Extra"]
[Source "ChessBase"]
[SourceDate "2020.05.31"]
[SourceVersion "1"]
[SourceVersionDate "2020.05.31"]
[SourceQuality "1"]

1. e4 c5 2. c3 e6 3. d4 cxd4 4. cxd4 d5 5. Nc3 dxe4 6. Nxe4 Be7 7. Nf3 Nf6 8.
Bd3 O-O 9. O-O Nbd7 10. Qe2 b6 11. Ne5 Bb7 12. Ng3 Re8 13. f4 g6 14. Be3 Nd5
15. Bd2 N7f6 16. Bb5 Rf8 17. Ba6 Bxa6 18. Qxa6 Nb4 19. Bxb4 Qxd4+ 20. Kh1 Qxb4
21. b3 Nd5 22. Rac1 Bf6 23. Rc4 Qd2 24. Ne4 Qb2 25. Nd7 Rfd8 26. Qb7 Rxd7 27.
Qxd7 Ne3 28. Nxf6+ Qxf6 29. Rc8+ Rxc8 30. Qxc8+ Kg7 31. Re1 Nd5 32. g3 Qb2 33.
Qc4 Qxa2 34. Qd4+ Kh6 35. Qd3 Qf2 36. Rf1 Qc5 37. Re1 Qf2 38. Qe2 Qc5 39. Rd1
Nc3 40. Qd2 Nxd1 41. Qxd1 Kg7 42. Qa1+ Kg8 43. Qxa7 Qd5+ 44. Kg1 Qxb3 45. Qb8+
Kg7 46. Qe5+ Kg8 47. Qb8+ Kg7 48. Qe5+ f6 49. Qc7+ Kh6 50. Qd8 Qe3+ 51. Kg2
Qe2+ 52. Kg1 Qe3+ 53. Kg2 Qe4+ 54. Kg1 Qe1+ 55. Kg2 Qe2+ 56. Kg1 Qe1+ 57. Kg2
Qe2+ 1/2-1/2

[Event "Isolated Queens Internet op 2nd"]
[Site "Chess.com INT"]
[Date "2020.05.02"]
[Round "8"]
[White "Haussernot, Cecile"]
[Black "Kosteniuk, Alexandra"]
[Result "0-1"]
[WhiteElo "2171"]
[BlackElo "2471"]
[PlyCount "76"]
[EventDate "2020.05.02"]
[EventType "swiss"]
[EventRounds "10"]
[EventCountry "USA"]
[SourceTitle "CBM 195 Extra"]
[Source "ChessBase"]
[SourceDate "2020.05.31"]
[SourceVersion "1"]
[SourceVersionDate "2020.05.31"]
[SourceQuality "1"]

1. e4 e5 2. Nf3 Nf6 3. Nxe5 d6 4. Nf3 Nxe4 5. d4 d5 6. Bd3 Bd6 7. Nc3 Nxc3 8.
bxc3 O-O 9. O-O Nd7 10. Re1 Nf6 11. Ne5 h6 12. Qf3 c5 13. Bf4 c4 14. Bf1 Ne4
15. Bxc4 Bxe5 16. dxe5 dxc4 17. Rxe4 Be6 18. Qg3 Kh7 19. Be3 b5 20. Rh4 Rh8 21.
Bc5 Qd2 22. Be3 Qxc2 23. Bd4 Rad8 24. Re1 a5 25. Qg5 b4 26. Be3 Qg6 27. Qxg6+
Kxg6 28. Bd4 b3 29. axb3 cxb3 30. Rb1 a4 31. f4 Bf5 32. Rb2 Bc2 33. Bc5 Rd5 34.
Bd6 Rxd6 35. exd6 a3 36. Rxc2 bxc2 37. f5+ Kxf5 38. g4+ Ke6 0-1

[Event "Isolated Queens Internet op 2nd"]
[Site "Chess.com INT"]
[Date "2020.05.02"]
[Round "9"]
[White "Kosteniuk, Alexandra"]
[Black "Ambartsumova, Karina"]
[Result "1-0"]
[WhiteElo "2471"]
[BlackElo "2371"]
[PlyCount "109"]
[EventDate "2020.05.02"]
[EventType "swiss"]
[EventRounds "10"]
[EventCountry "USA"]
[SourceTitle "CBM 195 Extra"]
[Source "ChessBase"]
[SourceDate "2020.05.31"]
[SourceVersion "1"]
[SourceVersionDate "2020.05.31"]
[SourceQuality "1"]

1. e4 d6 2. d4 Nf6 3. Nc3 e5 4. dxe5 dxe5 5. Qxd8+ Kxd8 6. Bc4 Be6 7. Bxe6 fxe6
8. Nf3 Bd6 9. h3 Ke7 10. Be3 c6 11. a3 b5 12. Nd2 a5 13. Ne2 Nbd7 14. f3 Bc5
15. Kf2 Rhd8 16. Rhd1 Bxe3+ 17. Kxe3 Nc5 18. g4 h6 19. h4 Nfd7 20. b4 Na4 21.
c4 Nb2 22. Rdb1 Nxc4+ 23. Nxc4 bxc4 24. bxa5 Nc5 25. Rb4 Rxa5 26. Rxc4 Rd3+ 27.
Kf2 Rd2 28. Rc3 Kf6 29. Ke3 Rb2 30. Nc1 Rh2 31. h5 g6 32. hxg6 Kxg6 33. Nd3
Nxd3 34. Rxd3 Kf6 35. Rd2 Rxd2 36. Kxd2 Kg5 37. a4 Kf4 38. Ra3 c5 39. Kc2 c4
40. Kc3 Rc5 41. Kb4 Rc8 42. Rc3 Ra8 43. a5 Kg5 44. Kb5 h5 45. gxh5 Kxh5 46. a6
Kg5 47. Kb6 Kf4 48. a7 Rg8 49. Ra3 Ra8 50. Kb7 Rd8 51. a8=Q Rxa8 52. Kxa8 Kg3
53. Kb7 Kf2 54. Kc6 Ke2 55. Kc5 1-0

[Event "Isolated Queens Internet op 2nd"]
[Site "Chess.com INT"]
[Date "2020.05.02"]
[Round "10"]
[White "Sebag, Marie"]
[Black "Kosteniuk, Alexandra"]
[Result "1/2-1/2"]
[WhiteElo "2438"]
[BlackElo "2471"]
[PlyCount "92"]
[EventDate "2020.05.02"]
[EventType "swiss"]
[EventRounds "10"]
[EventCountry "USA"]
[SourceTitle "CBM 195 Extra"]
[Source "ChessBase"]
[SourceDate "2020.05.31"]
[SourceVersion "1"]
[SourceVersionDate "2020.05.31"]
[SourceQuality "1"]

1. e4 c6 2. Nf3 d5 3. Nc3 dxe4 4. Nxe4 Nf6 5. Qe2 Nxe4 6. Qxe4 Nd7 7. Bc4 Nf6
8. Ne5 e6 9. Qe2 b5 10. Bb3 Qc7 11. O-O Bd6 12. d4 O-O 13. c3 a6 14. Bg5 Nd5
15. Nf3 Bb7 16. a4 h6 17. Bd2 Nf6 18. Ne5 Rab8 19. Rfe1 Rfe8 20. h3 c5 21. axb5
axb5 22. dxc5 Qxc5 23. Bf4 Rbd8 24. Bg3 Ne4 25. Qh5 Re7 26. Rxe4 Bxe4 27. Re1
Bg6 28. Qf3 Qc7 29. Nc6 Bxg3 30. Nxe7+ Qxe7 31. Qxg3 Rd2 32. Bxe6 Kh7 33. Qe3
Rxb2 34. Bg4 Qxe3 35. Rxe3 Rb1+ 36. Kh2 Rc1 37. Bf3 Rc2 38. Kg1 Rc1+ 39. Kh2 f6
40. h4 h5 41. Bc6 Rb1 42. Be8 Bxe8 43. Rxe8 Rc1 44. Rb8 Rxc3 45. Rxb5 Kg6 46.
g3 Rd3 1/2-1/2

[Event "Titled Tuesday intern op 5th May"]
[Site "Chess.com INT"]
[Date "2020.05.05"]
[Round "2"]
[White "Milanovic, Danilo"]
[Black "Kosteniuk, Alexandra"]
[Result "0-1"]
[WhiteElo "2455"]
[BlackElo "2471"]
[PlyCount "98"]
[EventDate "2020.05.05"]
[EventType "swiss (blitz)"]
[EventRounds "10"]
[EventCountry "USA"]
[SourceTitle "CBM 196 Extra"]
[Source "ChessBase"]
[SourceDate "2020.07.31"]
[SourceVersion "1"]
[SourceVersionDate "2020.07.31"]
[SourceQuality "1"]

1. d4 Nf6 2. c4 e6 3. Nc3 Bb4 4. e3 b6 5. Bd3 Bb7 6. Nge2 Bxg2 7. Rg1 Bf3 8.
Qc2 g6 9. Bd2 Nc6 10. Rg3 Bxe2 11. Bxe2 Bf8 12. O-O-O Bg7 13. h4 Qe7 14. f4 h5
15. Be1 a5 16. Kb1 Nb4 17. Qa4 O-O 18. e4 d5 19. e5 Ne4 20. Nxe4 dxe4 21. a3
Nd3 22. Bxd3 exd3 23. Rgxd3 Rfd8 24. Qc6 Qd7 25. Qxd7 Rxd7 26. d5 Rad8 27. Kc2
Bf8 28. b4 axb4 29. axb4 exd5 30. cxd5 Ra8 31. Kb3 Be7 32. Bg3 b5 33. e6 fxe6
34. dxe6 Rxd3+ 35. Rxd3 Bd6 36. f5 gxf5 37. Bxd6 cxd6 38. Rxd6 Re8 39. Kc3 Kg7
40. Kd4 Kf6 41. Kd5 f4 42. Rd7 Rxe6 43. Rd8 Kf5 44. Rg8 Re1 45. Rg5+ Kf6 46.
Rxh5 f3 47. Rh6+ Kg7 48. Rh5 f2 49. Rg5+ Kh6 0-1

[Event "FIDE Steinitz Memorial (Women)"]
[Site "chess24.com INT"]
[Date "2020.05.15"]
[Round "1"]
[White "Kosteniuk, Alexandra"]
[Black "Sebag, Marie"]
[Result "1-0"]
[WhiteElo "2471"]
[BlackElo "2438"]
[PlyCount "129"]
[EventDate "2020.05.15"]
[EventType "tourn (blitz)"]
[EventRounds "18"]
[EventCountry "USA"]
[EventCategory "10"]
[SourceTitle "CBM 196 Extra"]
[Source "ChessBase"]
[SourceDate "2020.07.31"]
[SourceVersion "1"]
[SourceVersionDate "2020.07.31"]
[SourceQuality "1"]

1. e4 c5 2. c3 Nf6 3. e5 Nd5 4. d4 cxd4 5. Nf3 e6 6. cxd4 d6 7. Bc4 Nc6 8. O-O
Be7 9. Qe2 O-O 10. Rd1 Na5 11. Bd3 Nb4 12. Nc3 Nxd3 13. Rxd3 d5 14. Ne1 f6 15.
exf6 Bxf6 16. Nf3 Nc6 17. b3 b6 18. Rd1 Bd7 19. Ba3 Rf7 20. Bd6 Rc8 21. Rac1 h6
22. Bg3 Rf8 23. Nb5 a6 24. Nd6 Nxd4 25. Nxd4 Rxc1 26. Rxc1 Bxd4 27. Qxa6 Qf6
28. Rf1 Bc5 29. Nb7 Bc8 30. Qa8 Bd4 31. Nd6 Bd7 32. Qb7 Qe7 33. Nb5 Bc5 34. Nc3
h5 35. h4 Qf7 36. Qc7 Be8 37. Qxf7+ Bxf7 38. Rd1 Bg6 39. Nb5 Bf5 40. Nd6 Bg4
41. Rd2 Ra8 42. Nb7 Bb4 43. Rc2 Ra7 44. Nd8 Rd7 45. Nc6 Bc5 46. Ne5 Ra7 47.
Nxg4 hxg4 48. a4 Kf7 49. Be5 Kg6 50. Kf1 Kf5 51. Re2 d4 52. Bg3 Rd7 53. Re5+
Kf6 54. Ke2 d3+ 55. Kd1 d2 56. Re4 Rd3 57. Rf4+ Ke7 58. Rxg4 Rxb3 59. Kxd2 Rb2+
60. Kd3 Kf6 61. Rf4+ Ke7 62. Rg4 Kf6 63. Rg5 Bxf2 64. Be5+ Kf7 65. Bxb2 1-0

[Event "FIDE Steinitz Memorial (Women)"]
[Site "chess24.com INT"]
[Date "2020.05.15"]
[Round "2"]
[White "Kosteniuk, Alexandra"]
[Black "Abdumalik, Zhansaya"]
[Result "1-0"]
[WhiteElo "2471"]
[BlackElo "2478"]
[PlyCount "45"]
[EventDate "2020.05.15"]
[EventType "tourn (blitz)"]
[EventRounds "18"]
[EventCountry "USA"]
[EventCategory "10"]
[SourceTitle "CBM 196 Extra"]
[Source "ChessBase"]
[SourceDate "2020.07.31"]
[SourceVersion "1"]
[SourceVersionDate "2020.07.31"]
[SourceQuality "1"]

1. e4 e5 2. Nf3 Nc6 3. Bb5 a6 4. Ba4 Nf6 5. d4 exd4 6. O-O d6 7. Nxd4 Bd7 8.
Bxc6 bxc6 9. Re1 Be7 10. f4 c5 11. e5 cxd4 12. exf6 gxf6 13. Qxd4 Rg8 14. Nc3
c5 15. Qe4 Ra7 16. Qxh7 Rf8 17. f5 Qc8 18. Rxe7+ Kxe7 19. Nd5+ Ke8 20. Bh6 Bxf5
21. Qg7 Qe6 22. Qxf8+ Kd7 23. Qb8 1-0